Trouvez le pays par éliminations #1 - Statistiques

Statistiques générales
  • Ce quiz a été pris 4 253 fois
    4 155 depuis la dernière actualisation
  • Le résultat moyen est 7 sur 9
Statistiques - réponses
Question Réponse % Correct
C'est un pays d'Europe ...
100%
... ayant une superficie de moins de 400000 kms² ...
99%
... avec au moins 8 lettres dans son nom ...
98%
... et du rouge sur son drapeau ...
96%
... n'ayant jamais remporté l'Euro de Football ...
90%
... avec une capitale de plus de 7 lettres ...
79%
... ayant un "A" dans son nom ...
53%
... avec à sa tête une présidente ...
39%
... et n'utilisant pas l'euro comme monnaie. MOLDAVIE
19%
Aucun quiz correspondant
Distribution des résultats
% des personnes avec chaque résultat
Percentile par nombre de réponses
Votre historique - résultats
Vous n’avez pas pris ce quiz depuis la dernière actualisation